| 000 | 00454nam a22001457a 4500 | ||
|---|---|---|---|
| 020 | _a9788172338718 | ||
| 082 |
_a630 _bARY/OB |
||
| 100 |
_aArya, Renu _9527 |
||
| 100 |
_aArya,R.L _9254 |
||
| 100 |
_aJanardan Kumar _9528 |
||
| 245 | _aIndira's Objective Agricultural Extension Multiple choice questions (MCQ's) for competitive exams of Agricultural extention) | ||
| 260 |
_aNew Delhi _bScientific Publishers (India) _c2014 |
||
| 300 | _a459 | ||
| 942 | _cBK | ||
| 999 |
_c14351 _d14351 |
||